Report of the President's Commission to Study Capital Budgeting.

Bibliographic Details
Corporate Author: United States. President's Commission to Study Capital Budgeting
Format: Government Document Book
Language:English
Published: Washington, D.C. : The Commission : [1999]
Subjects:

MARC

Tag First Indicator Second Indicator Subfields
LEADER 00000cam a2200000 a 4500
001 in00000003180
005 20151007051044.0
008 990406s1999 dcua b f000 0 eng d
020 |c $6.00 
035 |a (OCoLC)41109728 
035 |9 AJG2885AM 
037 |a 048-000-00524-1  |b GPO 
040 |d GPO  |d DLC  |d MvI  |d UtOrBLW 
043 |a n-us--- 
049 |a UDOC 
074 |a 1089 
086 0 |a Y 3.2:C 17/2/R 29 
090 |a HG4028  |b .B8 U55 1999 
110 1 |a United States.  |b President's Commission to Study Capital Budgeting. 
245 1 0 |a Report of the President's Commission to Study Capital Budgeting. 
264 1 |a Washington, D.C. :  |b The Commission :  |c [1999] 
264 2 |a Washington, D.C. :  |b [Supt. of Docs., U.S. G.P.O., distributor], 
300 |a v, 64 pages :  |b illustrations ;  |c 28 cm. 
336 |a text  |b txt  |2 rdacontent 
337 |a unmediated  |b n  |2 rdamedia 
338 |a volume  |b nc  |2 rdacarrier 
500 |a Shipping list number: 99-0191-P. 
500 |a "February 1999." 
504 |a Includes bibliographical references. 
650 0 |a Capital budget  |z United States. 
999 |a MARS 
999 f f |s 1b9e2f0d-e73f-3f03-90d5-28c1ed686ff7  |i e6f6e7f1-5a9a-3dac-b79b-eaa5265bf57c  |t 0 
952 f f |p normal  |a Texas A&M University  |b College Station  |c Sterling C. Evans Library  |d Evans: US Documents (Annex 5th floor)  |t 0  |e Y 3.2:C 17/2/R 29  |h Superintendent of Documents classification  |i unmediated -- volume  |m A14824479333 
998 f f |a Y 3.2:C 17/2/R 29  |t 0  |l Evans: US Documents (Annex 5th floor)